<?xml version="1.0" encoding="UTF-8"?>
<record
    xmlns:xsi="http://www.w3.org/2001/XMLSchema-instance"
    xsi:schemaLocation="http://www.loc.gov/MARC21/slim http://www.loc.gov/standards/marcxml/schema/MARC21slim.xsd"
    xmlns="http://www.loc.gov/MARC21/slim">

  <leader>01593cam a2200325 i 4500</leader>
  <controlfield tag="001">zz2004843742</controlfield>
  <controlfield tag="003">NUKAT</controlfield>
  <controlfield tag="005">20260427215913.0</controlfield>
  <controlfield tag="008">040326s1927    pl a   g     |000 0 pol c</controlfield>
  <datafield tag="035" ind1=" " ind2=" ">
    <subfield code="a">(OCoLC)69582254</subfield>
  </datafield>
  <datafield tag="035" ind1=" " ind2=" ">
    <subfield code="a">(NUKAT)zz2004843742</subfield>
  </datafield>
  <datafield tag="040" ind1=" " ind2=" ">
    <subfield code="a">GD U/Jaga</subfield>
    <subfield code="b">pol</subfield>
    <subfield code="e">rda</subfield>
    <subfield code="c">GD U/Jaga</subfield>
    <subfield code="d">GD U/Jaga</subfield>
    <subfield code="d">GD U/EPs</subfield>
    <subfield code="d">WA U/91IO</subfield>
    <subfield code="d">KR U/WJ</subfield>
    <subfield code="d">TOR U/WS</subfield>
    <subfield code="d">OLSZT 008/AL</subfield>
  </datafield>
  <datafield tag="041" ind1="0" ind2=" ">
    <subfield code="a">pol</subfield>
    <subfield code="a">lat</subfield>
  </datafield>
  <datafield tag="100" ind1="1" ind2=" ">
    <subfield code="a">Abraham, W&#x142;adys&#x142;aw</subfield>
    <subfield code="d">(1860-1941).</subfield>
    <subfield code="e">Autor</subfield>
    <subfield code="9">12845</subfield>
  </datafield>
  <datafield tag="245" ind1="1" ind2="0">
    <subfield code="a">Pontificale biskup&#xF3;w krakowskich z XII wieku /</subfield>
    <subfield code="c">W&#x142;adys&#x142;aw Abraham.</subfield>
  </datafield>
  <datafield tag="260" ind1=" " ind2=" ">
    <subfield code="a">Krak&#xF3;w :</subfield>
    <subfield code="b">nak&#x142;adem Polskiej Akademji Umiej&#x119;tno&#x15B;ci ;</subfield>
    <subfield code="a">Warszawa [i pozosta&#x142;e] :</subfield>
    <subfield code="b">sk&#x142;ad g&#x142;&#xF3;wny w Ksi&#x119;garniach Gebethnera i Wofffa,</subfield>
    <subfield code="c">1927.</subfield>
  </datafield>
  <datafield tag="300" ind1=" " ind2=" ">
    <subfield code="a">31, [1] strona, 5 kart tablic :</subfield>
    <subfield code="b">ilustracje ;</subfield>
    <subfield code="c">23 cm.</subfield>
  </datafield>
  <datafield tag="336" ind1=" " ind2=" ">
    <subfield code="a">Tekst</subfield>
    <subfield code="b">txt</subfield>
    <subfield code="2">rdacontent</subfield>
  </datafield>
  <datafield tag="337" ind1=" " ind2=" ">
    <subfield code="a">Bez urz&#x105;dzenia po&#x15B;rednicz&#x105;cego</subfield>
    <subfield code="b">n</subfield>
    <subfield code="2">rdamedia</subfield>
  </datafield>
  <datafield tag="338" ind1=" " ind2=" ">
    <subfield code="a">Wolumin</subfield>
    <subfield code="b">nc</subfield>
    <subfield code="2">rdacarrier</subfield>
  </datafield>
  <datafield tag="490" ind1="1" ind2=" ">
    <subfield code="a">Rozprawy / Polska Akademja Umiej&#x119;tno&#x15B;ci. Wydzia&#x142; Historyczno-Filozoficzny ;</subfield>
    <subfield code="v">Ser. 2, t. 41 (og&#xF3;lnego zbioru t. 66) nr 1</subfield>
  </datafield>
  <datafield tag="530" ind1=" " ind2=" ">
    <subfield code="a">Dost&#x119;pne r&#xF3;wnie&#x17C; w formie elektronicznej.</subfield>
  </datafield>
  <datafield tag="546" ind1=" " ind2=" ">
    <subfield code="a">Tekst tak&#x17C;e w j&#x119;zyku &#x142;aci&#x144;skim.</subfield>
  </datafield>
  <datafield tag="650" ind1=" " ind2="7">
    <subfield code="a">Pontyfika&#x142;y</subfield>
    <subfield code="z">Polska</subfield>
    <subfield code="z">Krak&#xF3;w</subfield>
    <subfield code="y">12 w.</subfield>
    <subfield code="x">historia i krytyka.</subfield>
    <subfield code="2">kaba</subfield>
    <subfield code="9">40717</subfield>
  </datafield>
  <datafield tag="710" ind1="2" ind2=" ">
    <subfield code="a">Polska Akademia Umiej&#x119;tno&#x15B;ci (1919-1952).</subfield>
    <subfield code="e">Wydawca</subfield>
    <subfield code="4">pbl</subfield>
    <subfield code="9">1634</subfield>
  </datafield>
  <datafield tag="710" ind1="2" ind2=" ">
    <subfield code="a">Gebethner i Wolff.</subfield>
    <subfield code="e">Dystrybucja</subfield>
    <subfield code="4">dst</subfield>
    <subfield code="9">1246</subfield>
  </datafield>
  <datafield tag="830" ind1=" " ind2="0">
    <subfield code="a">Rozprawy Polskiej Akademii Umiej&#x119;tno&#x15B;ci.</subfield>
    <subfield code="p">Wydzia&#x142; Historyczno-Filozoficzny</subfield>
    <subfield code="v">Ser. 2, t. 41 = 66, nr 1</subfield>
    <subfield code="9">2632</subfield>
  </datafield>
  <datafield tag="856" ind1="4" ind2="1">
    <subfield code="u">http://rcin.org.pl/publication/14580</subfield>
  </datafield>
  <datafield tag="942" ind1=" " ind2=" ">
    <subfield code="2">ddc</subfield>
    <subfield code="c">BK_NM</subfield>
  </datafield>
  <datafield tag="999" ind1=" " ind2=" ">
    <subfield code="c">27816</subfield>
    <subfield code="d">27816</subfield>
  </datafield>
  <datafield tag="952" ind1=" " ind2=" ">
    <subfield code="0">0</subfield>
    <subfield code="1">0</subfield>
    <subfield code="2">ddc</subfield>
    <subfield code="4">0</subfield>
    <subfield code="7">0</subfield>
    <subfield code="8">PBKH</subfield>
    <subfield code="a">BIP</subfield>
    <subfield code="b">PBKH</subfield>
    <subfield code="d">2026-04-27</subfield>
    <subfield code="e">K-31/1966</subfield>
    <subfield code="f">K</subfield>
    <subfield code="i">16664</subfield>
    <subfield code="l">0</subfield>
    <subfield code="o">16664</subfield>
    <subfield code="p">IPWK22201</subfield>
    <subfield code="r">2026-04-27 21:59:53</subfield>
    <subfield code="w">2026-04-27</subfield>
    <subfield code="y">BK_NM</subfield>
  </datafield>
</record>
